000 00813cam a2200265u 4500
999 _c8172
_d8172
001 8172
003 BD-JhCC
005 20180627104157.0
008 820519s1935 enka 000 0 eng
035 _a(BD-JhCC)8172
040 _aDLC
_cCarP
_dDLC
_dBD-JhCC
041 _aeng
050 0 0 _aPN6110.C4
_bW463
082 _bWIL 1935
_a821.008
100 1 _aWilkinson, William Alexander Chaplin,
_d1900- [from old catalog]
245 1 4 _aThe Dragon book of verse /
_cWilliam Alexander Chaplin Wilkinson,
260 _aOxford,
_bThe Clarendon press,
_c1935.
300 _aviii, 464 p.
_billus.
_c19 cm.
650 0 _aChildren's poetry.
650 0 _aEnglish poetry
650 0 _aEnglish poetry.
700 1 _aWilkinson, Noël Hawtrey,
_d1908- [from old catalog]
942 _2ddc
_cBK